Powiaty Królestwa Polskiego w 1867 r. na mapie - Statystyki

Ogólne statystyki
  • Ten quiz został rozwiązany 33 razy
  • Średni wynik to 39 z 84
Odpowiedzi na mapie
Odpowiedzi zakodowano w zielono-czerwonej skali na mapie do tego quizu, zgodnie z poniższymi procentami.
 
Statystyki odpowiedzi
N Odpowiedź % Poprawnych
lu Lublin
100%
pl Płock
96%
wa Warszawa
91%
lu Chełm
87%
ki Kielce
87%
lo Łomża
83%
ra Radom
83%
si Siedlce
83%
lu Zamość
83%
ka Kalisz
78%
pi Łódź
78%
pi Piotrków
78%
si Biała
74%
su Suwałki
74%
lo Ostrołęka
65%
su Augustów
61%
pi Częstochowa
61%
ka Konin
61%
lo Ostrów
61%
ra Sandomierz
61%
lu Hrubieszów
57%
lu Krasnystaw
57%
pl Mława
57%
ka Sieradz
57%
wa Skierniewice
57%
lu Tomaszów
57%
lu Janów
52%
si Janów
52%
pi Rawa
52%
su Sejny
52%
wa Sochaczew
52%
wa Włocławek
52%
si Włodawa
52%
lu Biłgoraj
48%
si Garwolin
48%
wa Grójec
48%
ka Koło
48%
wa Kutno
48%
ka Łęczyca
48%
ki Miechów
48%
ra Opatów
48%
ka Turek
48%
pl Ciechanów
43%
ki Olkusz
43%
wa Gostynin
43%
pi Łask
43%
wa Łowicz
43%
si Łuków
43%
ra Opoczno
43%
ki Pińczów
43%
wa Pułtusk
43%
si Radzyń
43%
si Sokołów
43%
si Węgrów
43%
ka Wieluń
43%
ki Włoszczowa
43%
ki Jędrzejów
39%
ra Końskie
39%
lu Lubartów
39%
wa Płońsk
39%
pl Sierpc
39%
lo Kolno
35%
ra Kozienice
35%
su Mariampol
35%
pi Brzeziny
30%
lo Maków
30%
ka Słupca
30%
pi Będzin
26%
pl Lipno
26%
pl Przasnysz
22%
wa Radzymin
22%
pl Rypin
22%
ki Stopnica
22%
wa Błonie
17%
ra Iłża
17%
pi Nowo-Radomsk
13%
lo Szczuczyn
13%
su Kalwaria
9%
lo Mazowieck
9%
wa Nieszawa
9%
lu Nowo-Aleksandria
9%
wa Nowo-Mińsk
9%
su Władysławów
4%
su Wyłkowyszki
4%
Nie znaleziono quizów pasujących do podanych kryteriów
Rozkład punktacji
Procent ludzi z każdym wynikiem
Percentyl według liczby udzielonych odpowiedzi
Twoja historia wyników
Nie rozwiązałeś tego quizu